000 00390nam a22001337a 4500
999 _c130593
_d130593
008 201029b ||||| |||| 00| 0 eng d
050 _aBV230.W995
100 _aWyszynski, Stefan
_950107
245 _a"Our Father"
_bmeditations
_cStefan Wyszynski
260 _aEngland
_bSt. Paul Publications
_c1981
300 _a111p. ;
_c21cm.
650 _aLord's prayer
_937204
942 _2lcc
_cMONOGRAPH